000 01731nam0a2200337 4500
001 RU\NLR\bibl\426349
005 20250622175242.0
010 _a5-89514-305-9
_9150
021 _aRU
_b2003-37812
_91792
035 _a(NLR Aleph) 000420232
090 _a690290
_c690290
100 _a20030806d2002 |||y0rusy50 ca
101 0 _arus
102 _aRU
105 _aa |||||||||
200 1 _aСтроительные машины. Примеры расчетов
_eУчеб. пособие
_fА.Г. Насыбуллин, М.Б. Пермяков, Д.Л. Алферов, Н.А. Ананьева
_gМ-во образования Рос. Федерации, Магнитогор. гос. техн. ун-т им. Г.И. Носова
210 _aМагнитогорск
_cИЦ МГТУ
_d2002
215 _a129 с.
_cил.
_d21
320 _aБиблиогр.: с. 127-128 (23 назв.)
606 0 _aСтроительные машины
_jРуководства, пособия и т.п. для высшей школы
_xРасчет
_92108876
_3RU\NLR\auth\661274691
606 0 _aСтроительные машины
_jУчебные издания для высших учебных заведений
_xРасчет
_92108876
_3RU\NLR\auth\661274691
686 _aН6-5-02я73-1
701 1 _aНасыбуллин
_bА. Г.
_gАльберт Гисматович
_4070
701 1 _aПермяков
_bМ. Б.
_gМихаил Борисович
_4070
701 1 _aАлферов
_bД. Л.
_gДенис Леонидович
_4070
701 1 _aАнаньева
_bН. А.
_gНадежда Альбертовна
_4070
801 0 _aRU
_bNLR
_c20030806
_gPSBO
801 1 _aRU
_bNLR
_c20030806
942 _cBOOK
980 _aNB